000 00309nam a2200133Ia 4500
005 20260328104325.0
008 260328s9999||||xx |||||||||||||| ||und||
100 _aGehl, Jan
245 0 _aNew City Life /
_cJan Gehl
260 _bArco Grafisk
300 _a179 p.
650 _aESPACIO PUBLICO
942 _cBK
999 _c11508
_d11508